| 000 | 00473nmm a22001697a 4500 | ||
|---|---|---|---|
| 005 | 20160608110832.0 | ||
| 008 | 150728b xxu||||| |||| 00| 0 spa d | ||
| 041 | _aspa | ||
| 082 | _aMD 107 | ||
| 100 |
_aSolano Rivera, Tatiana Carolina _911157 |
||
| 245 | _aInforme Práctica Supervisada realizado en el Laboratorio Dental Ebenezer | ||
| 260 | _c2013 | ||
| 650 |
_aCOSTA RICA _911158 |
||
| 650 |
_aMECANICA DENTAL _911159 |
||
| 650 |
_aPROTESIS TOTAL _93685 |
||
| 942 | _cIP | ||
| 999 |
_c6788 _d6788 |
||